000 01086nam a22002295i 4500
001 11531
003 ES-MaACL
005 20230906150124.0
007 t|
008 941108s1994 sp ||||0| spa d
020 _a84-494-0114-3
040 _aM-BN
_bspa
_cM-BN
080 _a914.60
245 0 0 _aGeografía de España /
_cdirección de la obra, José Mª Prats.
260 _aBarcelona :
_bOcéano :
_bInstituto Gallach,
_cD.L. 1994.
300 _a14 v :
_bil. col ;
_c30 cm.
500 _aIndices.
505 8 _a1. España en el mundo 2. Población y sociedad 3. Geografía física 4. El medio natural 5. Economía y actividades primarias 6. Industria y servicios 7. El estado de las autonomías--Galicia 8. Asturias, Cantabria, Castilla y León 9. País Vasco, Navarra, La Rioja 10. Castilla-La Mancha, Madrid 11. Extremadura, Andalucía, Ceuta y Melilla 12. Aragón, Cataluña 13. Comunidad Valenciana, Murcia, Baleares 14. Canarias--Indices
651 4 _aEspaña-
_xGeografía.
_98200
700 1 _aPrats, Josep Maria.
_993694
852 _aES-MaACL
_jL-18895-08
_bR.125107
999 _c11531
_d11531